| 000 | 00599nam a2200205 a 4500 | ||
|---|---|---|---|
| 005 | 20240228064138.0 | ||
| 008 | 140623s2006 ea r 000 0 spa d | ||
| 020 | _a1403482748 | ||
| 035 | _aUPN01000198224 | ||
| 049 | _aI | ||
| 050 | 4 |
_aQP458 _bM3.6 |
|
| 100 | 1 |
_aMackill, Mary _935738 |
|
| 245 | 1 | 3 |
_aEl olfato / _cMary Mackill. |
| 260 |
_aChicago, E.U.A : _bHeinemann Library, _cc2006. |
||
| 300 |
_a24 p. : _bil. col. |
||
| 440 | 4 |
_aLos súper sentidos. _pLee y aprende |
|
| 650 | 4 |
_aOLFATO - _vLITERATURA INFANTIL _923194 |
|
| 650 | 4 |
_aLibros y lectura para niños _92290 |
|
| 905 | _aInfantil | ||
| 999 |
_c170325 _d170325 |
||